| 000 | 00379nam a2200157Ia 4500 | ||
|---|---|---|---|
| 100 | _aWest/Darrell M | ||
| 650 | _aDigital government | ||
| 942 | _cRB | ||
| 366 | _f25 | ||
| 245 | _aDigital Government: Technology and public sector performance | ||
| 260 |
_bPrinceton Unv.Press _c2005 |
||
| 082 |
_a4.6 _bWES |
||
| 300 | _a234 | ||
| 546 |
_aENGLISH _celectronics |
||
| 999 |
_c18655 _d18655 |
||